000 00526nam a2200157 i 4500
001 141942
003 ES-MaACL
005 20230906200414.0
007 t|
008 071001s1940 gw ||||1| ger d
100 1 _aWais, Gerhard Julius.
_9115871
245 1 4 _aDie Alamannen in ihrer Auseinandersetzung mit der römischen Welt
_b: Untersuchungen zur germanischen Landnahme /
_cvon Gerhard Julius Wais.
260 _aBerlin :
_bDahlen-Stiftung,
_c[1940]
300 _a247 p. ;
_c22 cm.
852 _aES-MaACL
_jG-6233
_bR.19178
999 _c141942
_d141942